The moons of Jupiter / (Record no. 8586)
[ view plain ]
| 000 -LEADER | |
|---|---|
| fixed length control field | 00989cam a22002894a 4500 |
| 001 - CONTROL NUMBER | |
| control field | 13195348 |
| 003 - CONTROL NUMBER IDENTIFIER | |
| control field | OSt |
| 005 - DATE AND TIME OF LATEST TRANSACTION | |
| control field | 20240618093329.0 |
| 008 - FIXED-LENGTH DATA ELEMENTS--GENERAL INFORMATION | |
| fixed length control field | 030513s2003 nyua 001 0 eng |
| 010 ## - LIBRARY OF CONGRESS CONTROL NUMBER | |
| LC control number | 2003053974 |
| 020 ## - INTERNATIONAL STANDARD BOOK NUMBER | |
| International Standard Book Number | 0393050602 |
| 040 ## - CATALOGING SOURCE | |
| Original cataloging agency | DLC |
| Transcribing agency | DLC |
| Modifying agency | DLC |
| 042 ## - AUTHENTICATION CODE | |
| Authentication code | pcc |
| 043 ## - GEOGRAPHIC AREA CODE | |
| Geographic area code | zju---- |
| 082 00 - DEWEY DECIMAL CLASSIFICATION NUMBER | |
| Classification number | 523.3 LEU 2003 |
| 100 1# - MAIN ENTRY--PERSONAL NAME | |
| Personal name | Leutwyler, Kristin. |
| 9 (RLIN) | 17408 |
| 245 14 - TITLE STATEMENT | |
| Title | The moons of Jupiter / |
| Statement of responsibility, etc. | Kristin Leutwyler ; afterword by John Casani. |
| 260 ## - PUBLICATION, DISTRIBUTION, ETC. (IMPRINT) | |
| Place of publication, distribution, etc. | New York : |
| Name of publisher, distributor, etc. | W.W. Norton, |
| Date of publication, distribution, etc. | 2003. |
| 300 ## - PHYSICAL DESCRIPTION | |
| Extent | 240 p. : |
| Other physical details | col. ill. ; |
| Dimensions | 24 x 29 cm. |
| 500 ## - GENERAL NOTE | |
| General note | "A Peter N. Nevraumont book." |
| 500 ## - GENERAL NOTE | |
| General note | Includes index. |
| 651 #0 - SUBJECT ADDED ENTRY--GEOGRAPHIC NAME | |
| Geographic name | Jupiter (Planet) |
| General subdivision | Satellites. |
| 9 (RLIN) | 17409 |
| 651 #0 - SUBJECT ADDED ENTRY--GEOGRAPHIC NAME | |
| Geographic name | Jupiter (Planet) |
| General subdivision | Satellites |
| Form subdivision | Pictorial works. |
| 9 (RLIN) | 17410 |
| 906 ## - LOCAL DATA ELEMENT F, LDF (RLIN) | |
| a | 7 |
| b | cbc |
| c | orignew |
| d | 1 |
| e | ocip |
| f | 20 |
| g | y-gencatlg |
| 942 ## - ADDED ENTRY ELEMENTS (KOHA) | |
| Source of classification or shelving scheme | Dewey Decimal Classification |
| Koha item type | Open Shelf |
| Withdrawn status | Lost status | Source of classification or shelving scheme | Damaged status | Not for loan | Home library | Current library | Date acquired | Source of acquisition | Inventory number | Total Checkouts | Full call number | Barcode | Date last seen | Price effective from | Koha item type |
|---|---|---|---|---|---|---|---|---|---|---|---|---|---|---|---|
| Dewey Decimal Classification | MUST Main Library | MUST Main Library | 18/06/2024 | Donation | 2011/32990 | 523.3 LEU 2003 | 2024-20720 | 18/06/2024 | 18/06/2024 | Open Shelf |
